[Event "Chess Classic Masters"]
[Site "Frankfurt"]
[Date "1998.06.19"]
[Round "11"]
[White "Jussupow, Artur"]
[Black "Beim, Valery"]
[Result "0-1"]
[WhiteElo "2630"]
[BlackElo "2555"]
[PlyCount "134"]
[EventDate "1998.06.17"]
[Source "www.chesslib.no"]
[SourceDate "2004.05.04"]

1. d4 d6 2. Nf3 g6 3. c4 f5 4. Nc3 Nf6 5. g3 Bg7 6. Bg2 O-O 7. O-O c6 8. d5 Bd7 9. Rb1 Na6 10. b3 Qe8 11. Bb2 Rd8 12. Nd4 Nc7 13. Qd2 c5 14. Nc2 b5 15. cxb5 Nxb5 16. Nxb5 Bxb5 17. Na3 a6 18. Nc4 Bxc4 19. bxc4 Qa4 20. Qd3 Rb8 21. Bxf6 Bxf6 22. Rxb8 Rxb8 23. Rb1 Rxb1+ 24. Qxb1 Qxc4 25. e3 Kg7 26. Bf1 Qxd5 27. Bxa6 c4 28. a4 c3 29. Bd3 e5 30. Bc2 Qc6 31. Qa2 f4 32. gxf4 exf4 33. exf4 Qf3 34. Qe6 Qxf4 35. Qd7+ Kh6 36. Qh3+ Bh4 37. Qe3 Qxe3 38. fxe3 Bd8 39. Kg2 Bb6 40. e4 Kg5 41. Kg3 Kf6 42. Kf4 Bc7 43. Kf3 Ke5 44. h3 Kd4 45. Ke2 Bd8 46. Bd3 h6 47. e5 dxe5 48. Bxg6 e4 49. Bf7 Bb6 50. Bb3 Kc5 51. Bc2 Kd5 52. Bb1 Ke5 53. Bc2 Kf4 54. Bb1 Ba5 55. Bc2 Bb6 56. Bb1 e3 57. Bc2 h5 58. Bb1 h4 59. Bc2 Kg3 60. Bf5 Kg2 61. a5 Ba7 62. a6 Bb6 63. Ke1 Kf3 64. Bg4+ Ke4 65. Bh5 c2 66. Bg6+ Kf3 67. Bxc2 Ba5+ 0-1

[Event "Piatka op"]
[Site "Swidnica"]
[Date "1997.??.??"]
[Round "?"]
[White "Lerner, Konstantin Z"]
[Black "Malaniuk, Vladimir P"]
[Result "0-1"]
[WhiteElo "2570"]
[BlackElo "2610"]
[PlyCount "61"]
[EventDate "1997.??.??"]
[Source "www.chesslib.no"]
[SourceDate "2004.05.04"]

1. d4 f5 2. g3 Nf6 3. Bg2 g6 4. Nf3 Bg7 5. c4 O-O 6. b3 d6 7. Bb2 Na6 8. O-O c6 9. Nc3 Qe8 10. d5 Bd7 11. Nd4 Nc7 12. Rb1 c5 13. Nc2 a6 14. b4 b6 15. h3 g5 16. bxc5 bxc5 17. Ba1 f4 18. e3 Qg6 19. Rb7 Rac8 20. exf4 gxf4 21. Ne2 Ba4 22. Rb3 Bxb3 23. axb3 Nh5 24. Bxg7 Qxg7 25. Qd3 fxg3 26. fxg3 Rxf1+ 27. Bxf1 Qg6 28. Qc3 Qe4 29. Qd2 Rf8 30. Bg2 Qe5 31. Qd3 0-1

[Event "Hamburg"]
[Site "?"]
[Date "1991.??.??"]
[Round "?"]
[White "Lobron"]
[Black "Yusupov"]
[Result "0-1"]
[WhiteElo "2545"]
[BlackElo "2605"]
[PlyCount "72"]
[EventDate "1991.??.??"]
[Source "www.chesslib.no"]
[SourceDate "2004.05.04"]

1. d4 f5 2. g3 Nf6 3. Bg2 g6 4. b3 Bg7 5. Bb2 O-O 6. Nf3 d6 7. O-O Qe8 8. d5 c6 9. c4 Na6 10. Nc3 Bd7 11. Rc1 Rd8 12. Ba3 Nc5 13. Nd2 a5 14. b4 axb4 15. Bxb4 e5 16. Nb3 Nxb3 17. axb3 c5 18. Ba3 e4 19. Bb2 Ng4 20. h3 Ne5 21. Qd2 Qe7 22. Ra1 h5 23. Ra7 Bc8 24. f4 exf3 25. exf3 f4 26. gxf4 Bh6 27. Ne2 Qh4 28. Bxe5 dxe5 29. Qe3 Rxf4 30. Qxc5 Rd4 31. Qb6 Be3+ 32. Kh2 Kh8 33. Nxd4 Bxh3 34. Bxh3 Bf4+ 35. Kg1 Qg3+ 36. Bg2 Be3+ 0-1

[Event "Frankfurt Ordix op"]
[Site "Frankfurt"]
[Date "1998.06.20"]
[Round "5"]
[White "Epishin, Vladimir"]
[Black "Beim, Valery"]
[Result "1/2-1/2"]
[WhiteElo "2590"]
[BlackElo "2555"]
[PlyCount "106"]
[EventDate "1998.06.20"]
[Source "ChessBase"]
[SourceDate "1998.09.09"]

1. d4 d6 2. Nf3 g6 3. c4 f5 4. g3 Nf6 5. Bg2 Bg7 6. O-O O-O 7. Nc3 c6 8. Re1 Ne4 9. Qc2 Nxc3 10. bxc3 e5 11. dxe5 dxe5 12. e4 f4 13. Ba3 Re8 14. Rad1 Qc7 15. gxf4 exf4 16. e5 Bg4 17. Bd6 Qf7 18. Qb3 h6 19. Rb1 b6 20. c5 Be6 21. Qa4 bxc5 22. h4 Nd7 23. Rb7 Qf5 24. Qe4 a5 25. Qxf5 Bxf5 26. Kh2 Bf8 27. Bxf8 Nxf8 28. Bh3 Be6 29. Bxe6+ Rxe6 30. Re4 g5 31. hxg5 hxg5 32. Kh3 Ng6 33. Kg4 Rf8 34. Re1 Re7 35. Rxe7 Nxe7 36. Nxg5 Rd8 37. Ne4 Rd3 38. e6 Kg7 39. Rg1 f3 40. c4 Rd4 41. Kxf3+ Kf8 42. Rc1 Ng6 43. Nxc5 Ke7 44. Ke3 Rh4 45. Rd1 Ne5 46. f4 Nxc4+ 47. Kf3 Nd6 48. Re1 Rh3+ 49. Kg4 Rh2 50. f5 Rg2+ 51. Kf3 Rc2 52. Re5 Rxa2 53. Ne4 Nxf5 1/2-1/2

[Event "DSV-Turnier"]
[Site "Leipzig"]
[Date "1977.??.??"]
[Round "4"]
[White "Smejkal, Jan"]
[Black "Lutikov, Anatoly S"]
[Result "1/2-1/2"]
[WhiteElo "2575"]
[BlackElo "2540"]
[PlyCount "43"]
[EventDate "1977.12.01"]
[Source "www.chesslib.no"]
[SourceDate "2004.05.04"]

1. c4 f5 2. Nf3 Nf6 3. g3 g6 4. Bg2 Bg7 5. d4 O-O 6. Nc3 d6 7. O-O c6 8. d5 e5 9. dxe6 Bxe6 10. Qd3 Na6 11. Ng5 Re8 12. Bf4 Qb6 13. b3 Rad8 14. Rad1 Nc5 15. Qc2 h6 16. Nxe6 Nxe6 17. Na4 Qc7 18. Be3 b6 19. Bc1 d5 20. cxd5 cxd5 21. Qxc7 Nxc7 22. e3 1/2-1/2

[Event "WCN k.o."]
[Site "?"]
[Date "2001.??.??"]
[Round "?"]
[White "Rogozenko Dorian"]
[Black "Marin Mihail"]
[Result "1-0"]
[WhiteElo "2548"]
[BlackElo "2565"]
[PlyCount "147"]
[EventDate "2001.??.??"]
[Source "www.chesslib.no"]
[SourceDate "2004.05.04"]

1. d4 f5 2. g3 Nf6 3. Bg2 g6 4. c4 Bg7 5. Nc3 O-O 6. Nf3 d6 7. O-O c6 8. b3 Qe8 9. Re1 e5 10. dxe5 dxe5 11. e4 f4 12. gxf4 Nh5 13. f5 Na6 14. Ba3 Rf7 15. Ne2 gxf5 16. Qc2 Nc7 17. Rad1 Ne6 18. Ng3 Nxg3 19. fxg3 f4 20. Bd6 Nf8 21. Nh4 Bg4 22. Rd3 Qe6 23. Ba3 Re8 24. h3 Bxh3 25. gxf4 Bxg2 26. f5 Qh6 27. Nxg2 Nd7 28. Ree3 Bf8 29. Rh3 Qxh3 30. Rxh3 Bxa3 31. Rg3+ Kh8 32. Kh2 Bc5 33. Nh4 Nf6 34. Nf3 Rd7 35. Rg2 Be3 36. Ng5 Bf4+ 37. Kh3 Bxg5 38. Rxg5 Rd4 39. Rg2 Rxe4 40. Re2 Rxe2 41. Qxe2 e4 42. Qe3 c5 43. Kg3 b6 44. Kf4 Kg7 45. Qg3+ Kf7 46. Ke3 Rd8 47. Ke2 Rd7 48. Qe5 Re7 49. Qd6 e3 50. a3 Ne4 51. Qd3 Ng3+ 52. Ke1 h5 53. Qd5+ Kg7 54. f6+ Kxf6 55. Qd6+ Re6 56. Qxg3 e2 57. Qc7 a5 58. Qg3 Re5 59. Qg8 Re6 60. Qh7 Ke5 61. Qxh5+ Kd6 62. Qd5+ Ke7 63. Qf5 Kd7 64. Qh7+ Kc6 65. Qg8 Kd7 66. Qg7+ Re7 67. Qg4+ Re6 68. Qf5 Kd6 69. Qf7 Re7 70. Qf8 Kd7 71. Qa8 Re6 72. Qb7+ Kd8 73. Qf7 Re7 74. Qf6 1-0

[Event "Novgorod 75/71"]
[Site "?"]
[Date "1999.??.??"]
[Round "?"]
[White "Sherbakov, Ruslan"]
[Black "Malaniuk, Vladimir P"]
[Result "1/2-1/2"]
[WhiteElo "2559"]
[BlackElo "2552"]
[PlyCount "87"]
[EventDate "1999.??.??"]
[Source "ChessBase"]
[SourceDate "1999.02.01"]

1. d4 f5 2. c4 Nf6 3. Nc3 g6 4. g3 Bg7 5. Bg2 d6 6. Nf3 O-O 7. O-O c6 8. b3 Na6 9. Bb2 Qe8 10. d5 Bd7 11. Rb1 Rd8 12. b4 Nxb4 13. Ba1 a5 14. a3 Na6 15. Rxb7 Nc5 16. Ra7 a4 17. Nd4 cxd5 18. Nxd5 Nxd5 19. Bxd5+ e6 20. Bf3 Rf7 21. Nc2 Bc6 22. Rxf7 Kxf7 23. Nb4 Bxf3 24. exf3 Bxa1 25. Qxa1 Qh8 26. Qc1 Rd7 27. Rd1 Qe5 28. Nc6 Qf6 29. Kg2 Kg7 30. Qe3 g5 31. Nb8 Rd8 32. Nc6 Rd7 33. Qe2 h6 34. Nb4 Qc3 35. Nd3 Nxd3 36. Rxd3 Qxc4 37. Qb2+ e5 38. Rc3 Qd5 39. Qc2 Rf7 40. Rd3 Qe6 41. Qxa4 d5 42. Qb5 d4 43. f4 exf4 44. Rxd4 1/2-1/2

[Event "CSR Ch"]
[Site "Trencianske Teplice SVK"]
[Date "1979.??.??"]
[Round "8"]
[White "Smejkal, Jan"]
[Black "Kholmov, Ratmir D"]
[Result "1/2-1/2"]
[WhiteElo "2560"]
[BlackElo "2550"]
[PlyCount "218"]
[EventDate "1979.11.??"]
[Source "www.chesslib.no"]
[SourceDate "2004.05.04"]

1. c4 f5 2. Nf3 Nf6 3. g3 d6 4. d4 c6 5. Nc3 g6 6. Bg2 Bg7 7. O-O O-O 8. d5 e5 9. dxe6 Bxe6 10. b3 Na6 11. Bb2 Qe7 12. Ng5 Rad8 13. Qc2 Bc8 14. Rad1 Ng4 15. Nf3 f4 16. Na4 Bf5 17. Qd2 Bxb2 18. Qxb2 g5 19. b4 fxg3 20. hxg3 Be4 21. Rd4 Bxf3 22. exf3 Ne5 23. b5 Nb8 24. Qe2 a6 25. bxa6 Nxa6 26. Re4 Qg7 27. c5 Ng6 28. cxd6 Rxd6 29. Rd1 Rxd1+ 30. Qxd1 b5 31. Qc1 Qf6 32. Nc5 Nxc5 33. Qxc5 Ra8 34. Re2 Rd8 35. Re1 Kg7 36. Bh3 Rd5 37. Qa7+ Kh6 38. Bg4 Qc3 39. Rf1 Re5 40. Kg2 Re1 41. Rxe1 Qxe1 42. Qc5 Qe8 43. Qd6 Qe2 44. a3 Qe7 45. Qxc6 Qxa3 46. Qxb5 Qc3 47. Bf5 Qe5 48. Qb1 Kg7 49. Be4 Qe6 50. Qb5 Qe5 51. Qd7+ Qe7 52. Qc8 Ne5 53. Qf5 Ng6 54. Kh3 Kh6 55. Qc8 Kg7 56. Kg2 Qf6 57. Qe8 Ne5 58. Bd5 Ng6 59. Qg8+ Kh6 60. Be4 Nf8 61. Kh3 Ng6 62. Kh2 Qd4 63. Kg2 Qf6 64. Qc8 Kg7 65. Qd7+ Kh6 66. Qc7 Qe7 67. Qc6 Kg7 68. Qc2 Qe5 69. Qd2 Qe7 70. Qd3 Qe5 71. Qe3 Qf6 72. Qa7+ Qe7 73. Qd4+ Qe5 74. Qd7+ Qe7 75. Qc6 Qe5 76. Qa8 Qe7 77. Bd5 Qf8 78. Qb7+ Qe7 79. Qc8 Qf8 80. Qe6 Ne7 81. Be4 Ng6 82. Bxg6 hxg6 83. Qe5+ Kh6 84. f4 Qa8+ 85. f3 gxf4 86. Qxf4+ Kg7 87. Qd4+ Kf7 88. Qd7+ Kf6 89. Qd6+ Kf7 90. g4 Qa1 91. Qf4+ Kg7 92. Qe3 Qb2+ 93. Kg3 Qb8+ 94. f4 Qb7 95. Qe5+ Kh7 96. Qf6 Qb3+ 97. Kh4 Qb7 98. Qd4 Qh1+ 99. Kg3 Qe1+ 100. Qf2 Qc3+ 101. Qf3 Qe1+ 102. Kh3 Qe7 103. Qd3 Qb7 104. Kg3 Qe7 105. Qc3 Qd6 106. Qa5 Qd7 107. Qb6 Qe7 108. Kh3 Qa3+ 109. Kg2 Qe7 1/2-1/2

[Event "AUT Team Ch 9596"]
[Site "Austria"]
[Date "1996.??.??"]
[Round "?"]
[White "Farago, Ivan"]
[Black "Kindermann, Stefan E S"]
[Result "1/2-1/2"]
[WhiteElo "2525"]
[BlackElo "2575"]
[PlyCount "34"]
[EventDate "1995.??.??"]
[Source "www.chesslib.no"]
[SourceDate "2004.05.04"]

1. d4 f5 2. g3 Nf6 3. Bg2 g6 4. c4 Bg7 5. Nc3 d6 6. Nf3 O-O 7. O-O c6 8. d5 Bd7 9. Qb3 Qb6 10. Ng5 h6 11. Ne6 Bxe6 12. dxe6 Na6 13. Qc2 Nc5 14. e4 fxe4 15. Be3 Ng4 16. Bxc5 Qxc5 17. Nxe4 Qf5 1/2-1/2

[Event "XVII Festival"]
[Site "Abu Dhabi EAU"]
[Date "2007.08.19"]
[Round "8"]
[White "Pantsulaia, L."]
[Black "Guliev, Sarh"]
[Result "1-0"]
[WhiteElo "2611"]
[BlackElo "2484"]
[PlyCount "81"]
[EventDate "2007.08.12"]
[Source "www.chesslib.no"]
[SourceDate "2004.05.04"]

1. Nf3 f5 2. g3 Nf6 3. Bg2 d6 4. d4 g6 5. O-O Bg7 6. c4 O-O 7. Nc3 c6 8. Qb3 Na6 9. Rd1 Kh8 10. Rb1 Qe8 11. Qa3 Ne4 12. b4 Nxc3 13. Qxc3 Nc7 14. Bb2 f4 15. Qd2 fxg3 16. hxg3 d5 17. cxd5 cxd5 18. Ne5 Be6 19. Qe3 Nb5 20. Qb3 Rd8 21. Rbc1 g5 22. e4 Bxe5 23. dxe5 Qf7 24. exd5 Qxf2+ 25. Kh1 g4 26. Rc2 Qf5 27. Rcd2 Qg5 28. a4 Nc7 29. Bc1 Bf5 30. Kg1 Qg6 31. d6 exd6 32. Rxd6 Ne6 33. Rf1 Rde8 34. Qe3 Qg7 35. Bb2 Ng5 36. Rf6 Nf3+ 37. Bxf3 gxf3 38. Qxf3 Qg5 39. Rxf5 Rxf5 40. e6+ Kg8 41. Qxf5 1-0

[Event "Nis YUG"]
[Site "Nis YUG"]
[Date "1977.??.??"]
[Round "?"]
[White "Geller, Efim P"]
[Black "Knezevic, Milorad"]
[Result "1/2-1/2"]
[WhiteElo "2590"]
[BlackElo "2500"]
[PlyCount "33"]
[EventDate "1977.??.??"]
[Source "www.chesslib.no"]
[SourceDate "2004.05.04"]

1. Nf3 f5 2. d4 Nf6 3. g3 g6 4. Bg2 Bg7 5. O-O O-O 6. c4 d6 7. Nc3 c6 8. d5 e5 9. dxe6 Bxe6 10. b3 Na6 11. Bf4 Nh5 12. Bg5 Qd7 13. Qd2 f4 14. Rad1 Rae8 15. Ne4 Bxc4 16. Qxd6 Qf7 17. bxc4 1/2-1/2

[Event "55. ch-GRE"]
[Site "?"]
[Date "2005.11.21"]
[Round "6"]
[White "Banikas Hristos"]
[Black "Nikolaidis Ioannis"]
[Result "1/2-1/2"]
[WhiteElo "2566"]
[BlackElo "2521"]
[PlyCount "21"]
[EventDate "2005.??.??"]
[Source "www.chesslib.no"]
[SourceDate "2004.05.04"]

1. Nf3 c6 2. c4 g6 3. d4 Bg7 4. Nc3 d6 5. g3 f5 6. Bg2 Nf6 7. O-O O-O 8. d5 Bd7 9. Rb1 a5 10. b3 cxd5 11. Nxd5 1/2-1/2

[Event "ISR-chT"]
[Site "Israel"]
[Date "1996.??.??"]
[Round "10"]
[White "Alterman, Boris"]
[Black "Oratovsky, Michael"]
[Result "1/2-1/2"]
[WhiteElo "2585"]
[BlackElo "2485"]
[PlyCount "71"]
[EventDate "1996.??.??"]
[Source "ChessBase"]

1. d4 d6 2. Nf3 g6 3. c4 f5 4. Nc3 Nf6 5. g3 Bg7 6. Bg2 O-O 7. O-O c6 8. d5 e5 9. dxe6 Bxe6 10. b3 Na6 11. Ng5 Qe7 12. Bb2 Rad8 13. Nxe6 Qxe6 14. Rc1 Rfe8 15. e3 Qf7 16. Rc2 Rd7 17. Rd2 Red8 18. Qe2 d5 19. cxd5 Nc7 20. d6 Rxd6 21. Rxd6 Rxd6 22. Ba3 Rd8 23. Rd1 Rxd1+ 24. Qxd1 Qd7 25. Qc2 Ne6 26. h3 Kf7 27. Kh2 Bf8 28. Bb2 Qd6 29. Bf1 Nd7 30. Be2 Bg7 31. Na4 Bxb2 32. Nxb2 Nec5 33. Nc4 Qf6 34. b4 Ne4 35. Bf3 Ne5 36. Nxe5+ 1/2-1/2

[Event "Nimes"]
[Site "?"]
[Date "1991.??.??"]
[Round "?"]
[White "Magerramov, E."]
[Black "Vaiser, A."]
[Result "1-0"]
[WhiteElo "2525"]
[BlackElo "2540"]
[PlyCount "71"]
[EventDate "1991.??.??"]
[Source "ChessBase"]
[SourceDate "1991.06.01"]

1. Nf3 f5 2. g3 Nf6 3. Bg2 g6 4. c4 Bg7 5. O-O O-O 6. Nc3 d6 7. d4 c6 8. d5 e5 9. e4 cxd5 10. cxd5 Na6 11. exf5 Bxf5 12. Ng5 Qe7 13. h3 h6 14. Nge4 Nxe4 15. Nxe4 Kh7 16. Be3 b6 17. Qd2 Nc5 18. Bxc5 bxc5 19. b4 cxb4 20. Qxb4 Rab8 21. Qa3 Rb6 22. Rac1 Rc8 23. Rxc8 Bxc8 24. Rc1 Ra6 25. Qd3 Bb7 26. h4 Ra4 27. h5 Rd4 28. hxg6+ Kh8 29. Qb3 Bxd5 30. Qb8+ Bg8 31. Bh3 Bf8 32. Rc7 Qxc7 33. Qxc7 Rxe4 34. Be6 Re1+ 35. Kg2 Rc1 36. g7+ 1-0

[Event "Clarin"]
[Site "Buenos Aires"]
[Date "1979.??.??"]
[Round "2"]
[White "Gheorghiu, Florin"]
[Black "Lombardy, William James"]
[Result "1/2-1/2"]
[WhiteElo "2540"]
[BlackElo "2520"]
[PlyCount "36"]
[EventDate "1979.11.??"]
[Source "ChessBase"]

1. d4 f5 2. g3 Nf6 3. Bg2 g6 4. c4 Bg7 5. Nf3 O-O 6. Nc3 d6 7. d5 c6 8. O-O Qa5 9. a3 Qa6 10. Nd2 cxd5 11. cxd5 Nbd7 12. a4 Ne5 13. Nb5 Qb6 14. Nf3 Nxf3+ 15. Bxf3 Bd7 16. Be3 Qa5 17. Bd2 Qb6 18. Be3 Qa5 1/2-1/2

[Event "Cannes"]
[Site "?"]
[Date "1992.??.??"]
[Round "?"]
[White "Dorfman, I."]
[Black "Legky, N."]
[Result "1/2-1/2"]
[WhiteElo "2605"]
[BlackElo "2450"]
[PlyCount "84"]
[EventDate "1992.??.??"]
[Source "ChessBase"]
[SourceDate "1992.02.01"]

1. d4 f5 2. g3 Nf6 3. Bg2 d6 4. Nf3 g6 5. O-O Bg7 6. c4 O-O 7. Nc3 c6 8. d5 e5 9. dxe6 Bxe6 10. b3 Na6 11. Ng5 Qe7 12. Bb2 Rad8 13. Qd2 Bc8 14. Rad1 Nc5 15. b4 h6 16. Nf3 Nce4 17. Qc2 d5 18. Ne5 Qxb4 19. cxd5 Nxd5 20. Nxe4 fxe4 21. Bxe4 Rfe8 22. Bxd5+ cxd5 23. Nd3 Qe4 24. Bxg7 Kxg7 25. Rfe1 d4 26. Qa4 Bd7 27. Qxa7 Ra8 28. Qc5 Bc6 29. f3 Qe3+ 30. Nf2 Rxa2 31. Rd3 Qe5 32. Qxe5+ Rxe5 33. Kf1 Bb5 34. Rxd4 Rexe2 35. Rxe2 Bxe2+ 36. Kg2 b5 37. Rd7+ Kf8 38. Rd6 Kf7 39. Rb6 h5 40. Ne4 Bd3+ 41. Kh3 Bxe4 42. fxe4 Re2 1/2-1/2

[Event "Oberwart Open"]
[Site "Oberwart AUT"]
[Date "1994.??.??"]
[Round "8"]
[White "Cvitan, Ognjen"]
[Black "Agrest, Evgenij"]
[Result "1/2-1/2"]
[WhiteElo "2570"]
[BlackElo "2475"]
[PlyCount "38"]
[EventDate "1994.07.??"]
[Source "www.chesslib.no"]
[SourceDate "2004.05.04"]

1. d4 d6 2. Nf3 f5 3. g3 Nf6 4. Bg2 g6 5. O-O Bg7 6. c4 O-O 7. Nc3 c6 8. b3 Qa5 9. Bd2 Qc7 10. d5 Na6 11. Rc1 Nc5 12. Be3 Nce4 13. Nxe4 Nxe4 14. Bd4 e5 15. dxe6 Bxe6 16. Bxg7 Qxg7 17. Nd4 Rae8 18. Nxe6 Rxe6 19. Bxe4 fxe4 1/2-1/2

[Event "Budapest Herbstlicht"]
[Site "Budapest"]
[Date "1990.??.??"]
[Round "1"]
[White "Phominyh, A."]
[Black "Moskalenko, V."]
[Result "1-0"]
[WhiteElo "2530"]
[BlackElo "2515"]
[PlyCount "71"]
[EventDate "1990.??.??"]
[Source "www.chesslib.no"]
[SourceDate "2004.05.04"]

1. Nf3 g6 2. d4 Bg7 3. c4 d6 4. g3 f5 5. Nc3 Nf6 6. Bg2 O-O 7. O-O c6 8. d5 Qe8 9. Rb1 Na6 10. b4 Bd7 11. dxc6 bxc6 12. b5 Nc5 13. Nd4 Nfe4 14. Nxe4 fxe4 15. Be3 Kh8 16. Nxc6 Bxc6 17. Bxc5 dxc5 18. bxc6 Qxc6 19. Qc2 Rab8 20. Bxe4 Qc7 21. Kg2 Rb6 22. Rxb6 axb6 23. h4 Qe5 24. Rd1 Bf6 25. Rd5 Qc3 26. Qxc3 Bxc3 27. Rd7 Bf6 28. Rb7 Rd8 29. Rxb6 Rd2 30. Kf3 Rxa2 31. Rb5 Bd4 32. g4 Rb2 33. Ra5 Kg7 34. g5 Kf7 35. Bd5+ Kg7 36. Ra7 1-0

[Event "Poutiainen Memorial"]
[Site "Helsinki FIN"]
[Date "1983.??.??"]
[Round "?"]
[White "Lukacs, Peter"]
[Black "Tukmakov, Vladimir B"]
[Result "1-0"]
[WhiteElo "2460"]
[BlackElo "2580"]
[PlyCount "89"]
[EventDate "1983.09.??"]
[Source "www.chesslib.no"]
[SourceDate "2004.05.04"]

1. d4 d6 2. Nf3 f5 3. g3 Nf6 4. Bg2 g6 5. O-O Bg7 6. c4 O-O 7. Nc3 c6 8. d5 Bd7 9. Nd4 Qe8 10. Qb3 Na6 11. Qxb7 Nc5 12. Qb4 Rb8 13. Qa3 Nxd5 14. cxd5 Bxd4 15. Bh6 Rf7 16. Rad1 Bh8 17. Be3 Bxc3 18. Qxc3 Na4 19. Qc2 c5 20. b3 Nb6 21. Qc3 Bc8 22. Bc1 Nd7 23. Bb2 Nf6 24. f3 Qb5 25. e4 Qb4 26. e5 Qxc3 27. Bxc3 Ne8 28. Rfe1 Bb7 29. Bf1 dxe5 30. Bxe5 Rd8 31. Rc1 Bxd5 32. Rxc5 e6 33. Kf2 Nf6 34. Rec1 Nd7 35. Rc8 Rxc8 36. Rxc8+ Rf8 37. Rxf8+ Kxf8 38. Bd6+ Ke8 39. Bb5 Kd8 40. Ke3 g5 41. f4 g4 42. Kd4 Kc8 43. Ba6+ Kd8 44. Bd3 Nb6 45. Bc5 1-0

[Event "SWE-chT 0001"]
[Site "Sweden"]
[Date "2000.??.??"]
[Round "1"]
[White "Ahlander, Bjorn"]
[Black "Agrest, Evgenij"]
[Result "0-1"]
[WhiteElo "2434"]
[BlackElo "2604"]
[PlyCount "110"]
[EventDate "2000.??.??"]
[Source "www.chesslib.no"]
[SourceDate "2004.05.04"]

1. d4 d6 2. Nf3 g6 3. c4 f5 4. g3 Bg7 5. Bg2 Nf6 6. O-O O-O 7. Nc3 c6 8. d5 Bd7 9. Rb1 Na6 10. b3 Qe8 11. Bb2 Rd8 12. e3 e5 13. dxe6 Bxe6 14. Qe2 Kh8 15. Rbd1 Qe7 16. Nd4 Bd7 17. Rfe1 Nc5 18. Qc2 Nce4 19. f3 Nxc3 20. Qxc3 c5 21. Ne2 Bc6 22. Qc1 g5 23. Nc3 Qf7 24. Qc2 Qg6 25. f4 Rfe8 26. Bxc6 bxc6 27. Qg2 Ng4 28. Rd3 gxf4 29. gxf4 Qh6 30. h3 Nf6 31. Kh2 Rg8 32. Rg1 Ng4+ 33. Kh1 Bf6 34. e4 Ne3 35. Rxe3 Rxg2 36. Rxg2 Rg8 37. e5 dxe5 38. Ne2 e4 39. Rxg8+ Kxg8 40. Rg3+ Kf7 41. Bxf6 Qxf6 42. Kg2 Qb2 43. Kf2 Qxa2 44. Rc3 Kf6 45. Re3 Qd2 46. Rg3 Qd1 47. Re3 h5 48. Rg3 h4 49. Rc3 Ke6 50. Re3 Kd7 51. Rc3 Kc7 52. Re3 Kb7 53. Rc3 Kb6 54. Re3 Ka5 55. Rc3 Kb4 0-1

[Event "Belgrade Cukarica"]
[Site "Belgrade SCG"]
[Date "1995.??.??"]
[Round "4"]
[White "Ilincic, Zlatko"]
[Black "Todorovic, Goran M"]
[Result "1-0"]
[WhiteElo "2565"]
[BlackElo "2470"]
[PlyCount "80"]
[EventDate "1995.??.??"]
[Source "www.chesslib.no"]
[SourceDate "2004.05.04"]

1. d4 f5 2. g3 Nf6 3. Bg2 g6 4. Nf3 Bg7 5. O-O O-O 6. c4 d6 7. Nc3 c6 8. d5 e5 9. dxe6 Bxe6 10. Qd3 Na6 11. Ng5 Bc8 12. Rd1 h6 13. Nf3 Be6 14. Bf4 Qb6 15. Bxd6 Rfd8 16. Na4 Qa5 17. Qa3 Rd7 18. Ne5 Rxd6 19. Qxd6 Re8 20. Nc3 Ne4 21. Nxe4 Bxe5 22. Qd2 Qxd2 23. Nxd2 Nc5 24. Rac1 Bxb2 25. Rc2 Bf6 26. Nb3 Ne4 27. Rd3 Kf7 28. f3 Ng5 29. h4 Nh7 30. Na5 Bc8 31. c5 Re7 32. Nc4 Be6 33. Nd6+ Kg8 34. f4 Nf8 35. e4 fxe4 36. Bxe4 Kg7 37. f5 gxf5 38. Nxf5+ Bxf5 39. Bxf5 Re5 40. Bc8 Re7 1-0

[Event "Budapest"]
[Site "?"]
[Date "1995.??.??"]
[Round "?"]
[White "Kallai, G."]
[Black "Beim, V."]
[Result "1-0"]
[WhiteElo "2490"]
[BlackElo "2545"]
[PlyCount "87"]
[EventDate "1995.??.??"]
[Source "ChessBase"]
[SourceDate "1995.06.01"]

1. d4 d6 2. c4 f5 3. Nf3 Nf6 4. g3 g6 5. Bg2 Bg7 6. O-O O-O 7. Nc3 c6 8. d5 Bd7 9. Rb1 Na6 10. b4 Rc8 11. dxc6 Bxc6 12. Qb3 Ne4 13. c5+ Kh8 14. Nxe4 fxe4 15. Ng5 dxc5 16. Rd1 c4 17. Qc2 Qb6 18. Be3 Qb5 19. a3 Nc7 20. Nxe4 Qa4 21. Qxc4 Nb5 22. Nc5 Bxg2 23. Kxg2 Nxa3 24. Qe4 Qb5 25. Rbc1 Bf6 26. Bd4 Qc6 27. Qxc6 bxc6 28. Nd7 Rf7 29. Ne5 Bxe5 30. Bxe5+ Kg8 31. Rc5 Nb5 32. Rdc1 Rff8 33. Rxc6 Rxc6 34. Rxc6 Rd8 35. Rc5 Nd4 36. Rc7 Kf7 37. e3 Nb5 38. Rc5 a6 39. Rc6 Rd5 40. Bb8 Rd2 41. Rxa6 Rb2 42. Rb6 Rxb4 43. Rb7 Ke6 44. Bc7 1-0

[Event "Excelsior Cup"]
[Site "Goteborg"]
[Date "2004.01.10"]
[Round "3"]
[White "Marin, Mihail"]
[Black "Berg, Emanuel"]
[Result "1/2-1/2"]
[WhiteElo "2531"]
[BlackElo "2495"]
[PlyCount "108"]
[EventDate "2004.01.06"]
[Source "Roberto Alvarez"]
[SourceDate "2004.01.19"]

1. c4 f5 2. g3 Nf6 3. Nc3 d6 4. Bg2 g6 5. d4 Bg7 6. Nf3 O-O 7. O-O c6 8. b3 Qa5 9. Bb2 e5 10. Qd2 Qc7 11. d5 h6 12. dxc6 bxc6 13. c5 d5 14. Nxe5 Qxe5 15. Nxd5 Ne4 16. Bxe5 Nxd2 17. Bxg7 Kxg7 18. Rfd1 Na6 19. Rxd2 cxd5 20. Rxd5 Rb8 21. Rad1 Rb5 22. c6 Rxd5 23. Rxd5 Nc7 24. Rd4 Kf6 25. f4 Ke7 26. Kf2 Rd8 27. Rxd8 Kxd8 28. e4 Nb5 29. Ke3 Nc3 30. a3 Nxe4 31. Bxe4 fxe4 32. Kxe4 Kc7 33. Ke5 h5 34. Kf6 Bf5 35. h3 Kxc6 36. Kg5 Kc5 37. g4 hxg4 38. hxg4 Bc2 39. b4+ Kb5 40. f5 gxf5 41. gxf5 Ka4 42. f6 Bb3 43. Kf4 Kxa3 44. b5 Kb4 45. Ke3 Kc3 46. Ke2 Kc2 47. Ke3 Kc3 48. Ke2 Bf7 49. Kd1 Bh5+ 50. Kc1 Bg6 51. f7 Bxf7 52. Kb1 Kb3 53. Ka1 Kc2 54. b6 axb6 1/2-1/2

[Event "Las Palmas op"]
[Site "Las Palmas"]
[Date "1996.??.??"]
[Round "6"]
[White "Pigusov, Evgeny"]
[Black "Mellado Trivino, Juan"]
[Result "1/2-1/2"]
[WhiteElo "2570"]
[BlackElo "2455"]
[PlyCount "40"]
[EventDate "1996.11.??"]
[Source "www.chesslib.no"]
[SourceDate "2004.05.04"]

1. Nf3 f5 2. c4 d6 3. d4 Nf6 4. g3 g6 5. Bg2 Bg7 6. O-O O-O 7. Nc3 c6 8. d5 e5 9. e4 c5 10. exf5 gxf5 11. Ng5 Qe7 12. Ne6 Bxe6 13. dxe6 Nc6 14. Bg5 e4 15. Nd5 Qxe6 16. Nc7 Qxc4 17. Bxf6 Rxf6 18. Nxa8 Nd4 19. Nc7 Qf7 20. Qa4 Qxc7 1/2-1/2

[Event "Corr"]
[Site "?"]
[Date "2000.??.??"]
[Round "?"]
[White "Mercadal Benejam Josep"]
[Black "Danielsen Henrik"]
[Result "1-0"]
[WhiteElo "2515"]
[BlackElo "2510"]
[PlyCount "123"]
[EventDate "2000.??.??"]
[Source "www.chesslib.no"]
[SourceDate "2004.05.04"]

1. d4 f5 2. g3 Nf6 3. Bg2 c6 4. Nf3 g6 5. O-O Bg7 6. c4 O-O 7. Nc3 d6 8. d5 e5 9. dxe6 Bxe6 10. Qd3 Re8 11. Ng5 Nbd7 12. Nxe6 Rxe6 13. Qc2 Nb6 14. Qb3 Nfd7 15. Be3 Kh8 16. Rac1 Rxe3 17. fxe3 Nc5 18. Qc2 Nxc4 19. Nd1 Ne5 20. e4 fxe4 21. Bxe4 Qa5 22. Ra1 d5 23. Bd3 Re8 24. Kh1 Ncd7 25. Nc3 Nf6 26. Rab1 Qd8 27. Nd1 Qe7 28. b4 Nfg4 29. e3 Nxd3 30. Qxd3 Ne5 31. Qc2 Nc4 32. Rb3 a5 33. bxa5 Nxa5 34. Rd3 Nc4 35. Kg1 b5 36. Rf2 Kg8 37. Qb3 Bh6 38. Qc3 Ne5 39. Rdd2 Qe6 40. Rde2 Qg4 41. Qc2 Re6 42. Qc5 Bg7 43. Qa7 h6 44. Qb8+ Kh7 45. Qa7 b4 46. Qa4 Nf3+ 47. Kg2 Rf6 48. Qc2 Qh5 49. h3 Ng5 50. h4 Nf3 51. Qd3 Qg4 52. e4 Nxh4+ 53. Kh2 Rf3 54. Rxf3 Nxf3+ 55. Kg2 Nh4+ 56. Kf1 Qh3+ 57. Ke1 Qh1+ 58. Kd2 Nf3+ 59. Kc1 Ne5 60. Qc2 h5 61. exd5 Qxd5 62. Nf2 1-0

[Event "Lone Pine Open"]
[Site "Lone Pine, CA USA"]
[Date "1978.??.??"]
[Round "8"]
[White "Shamkovich, Leonid A"]
[Black "Lombardy, William J"]
[Result "1/2-1/2"]
[WhiteElo "2485"]
[BlackElo "2540"]
[PlyCount "36"]
[EventDate "1978.04.??"]
[Source "www.chesslib.no"]
[SourceDate "2004.05.04"]

1. c4 f5 2. Nf3 Nf6 3. g3 d6 4. d4 g6 5. Nc3 Bg7 6. Bg2 O-O 7. O-O c6 8. d5 Qa5 9. Be3 Qa6 10. Nd4 Bd7 11. Rc1 c5 12. Ne6 Bxe6 13. dxe6 Nc6 14. Qb3 Rab8 15. Nd5 Nxd5 16. Bxd5 Nd4 17. Bxd4 Bxd4 18. e3 Bf6 1/2-1/2